MARC

LEADER 00000nam0a2200000 4500
001 252505
005 20231101232746.0
010 |a 5020118591 
035 |a (RuTPU)RU\TPU\book\274852 
090 |a 252505 
100 |a 20140304d1989 k y0rusy50 ca 
101 0 |a rus 
102 |a RU 
105 |a y z 001zy 
200 1 |a Инвестиционная политика природопользования  |f Академия наук СССР (АН СССР), Институт экономики (ИЭ) ; под ред. Т. С. Хачатурова 
210 |a Москва  |c Наука  |d 1989 
215 |a 280 с. 
320 |a Библиогр. в примеч. 
606 1 |a Природопользование  |x Методы управления  |2 stltpush  |3 (RuTPU)RU\TPU\subj\38971  |9 59215 
606 1 |a Инвестиционная политика  |2 stltpush  |3 (RuTPU)RU\TPU\subj\12471  |9 39249 
610 1 |a экономические проблемы 
610 1 |a хозяйственный механизм 
610 1 |a эффективность 
610 1 |a экологические проблемы 
610 1 |a научно-техническая революция 
610 1 |a капитальные вложения 
610 1 |a ресурсосберегающие технологии 
610 1 |a окружающая среда 
610 1 |a повышение 
610 1 |a охрана 
675 |a 504.03  |v 3 
686 |a У9(2)0-56  |2 rubbk 
702 1 |a Хачатуров  |b Т. С.  |4 340 
712 0 2 |a Академия наук СССР (АН СССР)  |b Институт экономики (ИЭ)  |c (Москва)  |2 stltpush  |3 (RuTPU)RU\TPU\col\11342 
801 1 |a RU  |b 63413507  |c 20140304 
801 2 |a RU  |b 63413507  |c 20171017  |g RCR 
942 |c BK